Výskyt a charakterizácia Cronobacter spp.

Saved in:
Bibliographic Details
Main Author: Bukovčanová, Kristína (Author)
Other Authors: Liptáková, Denisa (Thesis advisor)
Format: Manuscript Book
Language:Slovak
Published: 2015
Subjects:
Online Access:http://is.stuba.sk/zp/portal_zp.pl?podrobnosti=102164
Tags: Add Tag
No Tags, Be the first to tag this record!

MARC

LEADER 00000ntm a22000003a 4500
001 stuzp52466
003 SK-STU
005 20160719154159.5
007 ta
008 150427s2015----xo-----f-mn---000-0-slo-d
040 |a STU  |b slo 
041 0 |a slo 
100 1 |a Bukovčanová, Kristína  |u 043360  |4 aut  |U FCHPT Ústav biochémie, výživy a ochrany zdravia  |T FCHPT Oddelenie výživy a hodnotenia potravín  |X 61462  |U C3360  |Y 114  |7 61462 
242 0 1 |a Occurrence and characterization of Cronobacter spp.  |y eng 
245 1 0 |a Výskyt a charakterizácia Cronobacter spp. 
260 |c 2015 
650 4 |a Enterobacteriaceae  |2 slo 
650 4 |a Cronobacter  |2 slo 
650 4 |a mikroorganizmy  |2 slo 
650 4 |a patogén  |2 slo 
650 4 |a sušená detská výživa  |2 slo 
650 4 |a Enterobacteriaceae  |2 eng 
650 4 |a microorganisms  |2 eng 
650 4 |a pathogen  |2 eng 
650 4 |a Cronobacter  |2 eng 
650 4 |a powdered infant formula  |2 eng 
700 1 |a Liptáková, Denisa  |4 ths  |X 3967  |7 A000003967 
856 4 |u http://is.stuba.sk/zp/portal_zp.pl?podrobnosti=102164 
SQL |a stuzp52466  |b DBP  |c SLO  |d Výskyt a charakterizácia Cronobacter spp.  |e 61462  |f Bukovčanová, Kristína  |g 043360  |h 3967  |i Liptáková, Denisa  |j 20150716  |k 520  |l 04  |m http://is.stuba.sk/zp/portal_zp.pl?podrobnosti=102164  |n B-oVYKOZ  |o 5.2.24. potravinárstvo